000
00301nam a2200133Ia 4500
005
20260328101445.0
008
260328s9999||||xx |||||||||||||| ||und||
100
_a
Gruener Janura
245
0
_a
Hundertwasser /
_c
Gruener Janura
260
_b
Manus
300
_a
76 p.
650
_a
PINTURA
942
_c
BK
999
_c
8435
_d
8435